Skleníkové plyny z půdy a zemědělství vlastnosti, produkce, spotřeba, emise a možnosti jejich snížení

Bibliographic Details
Main Author: Šimek, Miloslav, 1956- (Author)
Format: Book
Language:Czech
PhysicalDescription:191 strán farebné ilustrácie, grafy, tabuľky 21 cm
Published: Praha Academia 2019
ISBN:9788020030115
Edition:Vydání první
Series:Průhledy (Academia)
Subjects:

MARC

LEADER 00000cam a2200000 4500
001 vtls011918635
003 SK-MaSNL
005 20260301185736.0
008 200219s2019 xr oa frin 000 0 cze
020 |a 9788020030115  |q (brožované) 
040 |a SNK  |b slo  |c SNK  |e rda 
041 0 |a cze 
044 |a xr  |c CZ 
072 7 |a 504  |x Znečistenie a poškodenie životného prostredia  |2 konspekt 
080 |a 631  |2 2011 
080 |a 504.7  |2 2011 
080 |a 504.5:502.3  |2 2011 
080 |a 628.51/.53  |2 2011 
080 |a (048.8:082)  |2 2011 
100 1 |a Šimek, Miloslav,  |d 1956-  |4 aut  |9 193308 
245 1 0 |a Skleníkové plyny z půdy a zemědělství  |b vlastnosti, produkce, spotřeba, emise a možnosti jejich snížení  |c Miloslav Šimek a kolektiv 
250 |a Vydání první 
264 1 |a Praha  |b Academia  |c 2019 
300 |a 191 strán  |b farebné ilustrácie, grafy, tabuľky  |c 21 cm 
336 |a text  |b txt  |2 rdacontent 
337 |a bez média  |b n  |2 rdamedia 
338 |a zväzok  |b nc  |2 rdacarrier 
490 1 |a Průhledy  |v sv. 18 
504 |a Obsahuje bibliografiu na strane 137-152 ; register 
650 0 7 |a poľnohospodárstvo  |2 SNKPH  |9 679 
650 0 7 |a skleníkové plyny  |2 SNKPH  |9 28934 
650 0 7 |a emisie znečisťujúcich látok  |2 SNKPH  |9 73133 
650 0 7 |a znižovanie emisií  |2 SNKPH  |9 73340 
650 0 7 |a Agriculture  |2 SNKPHeng  |9 265172 
650 0 7 |a Greenhouse gases  |2 SNKPHeng  |9 274762 
650 0 7 |a Air pollutant emission  |2 SNKPHeng  |9 274761 
650 0 7 |a Decreasing emissions  |2 SNKPHeng  |9 369006 
655 7 |a kolektívne monografie  |2 SNKPH  |9 249850 
655 7 |a Collective monographs  |2 SNKPHeng  |9 125747 
830 0 |a Průhledy (Academia)  |9 401547 
919 |a 978-80-200-3011-5 
958 |a NB 
999 |c 865024  |d 866954 
952 |t snkSIM 504.7  |a SNKUST  |b SNKUST  |y PREZ  |7 0  |p 17A1458724  |o snkIC 147179  |i snk2021/13568  |8 4  |g 9.27  |0 0  |1 0  |4 0  |d 2021-06-15  |l 0  |r 2025-03-20 00:00:00  |w 2026-02-24